Biotechnology (Record no. 4106)
[ view plain ]
| 000 -LEADER | |
|---|---|
| fixed length control field | 00315nam a2200133Ia 4500 |
| 008 - FIXED-LENGTH DATA ELEMENTS--GENERAL INFORMATION | |
| fixed length control field | 191201s2009 xx 000 0 und d |
| 100 ## - MAIN ENTRY--PERSONAL NAME | |
| Personal name | Smith, Jone E |
| 245 #0 - TITLE STATEMENT | |
| Title | Biotechnology |
| 250 ## - EDITION STATEMENT | |
| Edition statement | Rep. |
| 260 ## - PUBLICATION, DISTRIBUTION, ETC. (IMPRINT) | |
| Place of publication, distribution, etc | N.Delhi |
| Name of publisher, distributor, etc | Cambridge Universty Press |
| Date of publication, distribution, etc | 2009 |
| 300 ## - PHYSICAL DESCRIPTION | |
| Extent | 266 |
| 650 ## - SUBJECT ADDED ENTRY--TOPICAL TERM | |
| Topical term or geographic name as entry element | Applied |
| 942 ## - ADDED ENTRY ELEMENTS (KOHA) | |
| Source of classification or shelving scheme | Dewey Decimal Classification |
| Koha item type | Text Books |
| 942 ## - ADDED ENTRY ELEMENTS (KOHA) | |
| -- | 2 |
| Withdrawn status | Lost status | Source of classification or shelving scheme | Damaged status | Not for loan | Collection code | Home library | Current library | Date acquired | Source of acquisition | Cost, normal purchase price | Bill Number | Total Checkouts | Full call number | Acc. no. / Barcode | Date last seen | Date last borrowed | Bill Date | Koha item type |
|---|---|---|---|---|---|---|---|---|---|---|---|---|---|---|---|---|---|---|
| Dewey Decimal Classification | Applied Sc. | PIET C-LIBRARY | PIET C-LIBRARY | 04/09/2009 | J B C, New Delhi | 275.00 | SI-2524 | 1 | 660.6 SMB | 13616 | 11/11/2020 | 28/10/2020 | 28/08/2009 | Text Books | ||||
| Dewey Decimal Classification | Applied Sc. | PIET C-LIBRARY | PIET C-LIBRARY | 04/09/2009 | J B C, New Delhi | 275.00 | SI-2524 | 660.6 SMB | 13617 | 04/12/2019 | 28/08/2009 | Text Books | ||||||
| Dewey Decimal Classification | Applied Sc. | PIET C-LIBRARY | PIET C-LIBRARY | 04/09/2009 | J B C, New Delhi | 275.00 | SI-2524 | 2 | 660.6 SMB | 13618 | 28/07/2022 | 18/07/2022 | 28/08/2009 | Text Books | ||||
| Dewey Decimal Classification | Applied Sc. | PIET C-LIBRARY | PIET C-LIBRARY | 04/09/2009 | J B C, New Delhi | 275.00 | SI-2524 | 660.6 SMB | 13619 | 04/12/2019 | 28/08/2009 | Text Books | ||||||
| Dewey Decimal Classification | Applied Sc. | PIET C-LIBRARY | PIET C-LIBRARY | 04/09/2009 | J B C, New Delhi | 275.00 | SI-2524 | 660.6 SMB | 13620 | 04/12/2019 | 28/08/2009 | Text Books |